Strike the original match / (Record no. 6915)
[ view plain ]
| 000 -LEADER | |
|---|---|
| fixed length control field | 01285cam a2200313 i 4500 |
| 001 - CONTROL NUMBER | |
| control field | 6331122 |
| 003 - CONTROL NUMBER IDENTIFIER | |
| control field | OCoLC |
| 005 - DATE AND TIME OF LATEST TRANSACTION | |
| control field | 20190121172714.0 |
| 008 - FIXED-LENGTH DATA ELEMENTS--GENERAL INFORMATION | |
| fixed length control field | 800501s1980 oru 000 0 eng |
| 010 ## - LIBRARY OF CONGRESS CONTROL NUMBER | |
| LC control number | 80015639 |
| 020 ## - INTERNATIONAL STANDARD BOOK NUMBER | |
| International Standard Book Number | 0930014367 |
| 020 ## - INTERNATIONAL STANDARD BOOK NUMBER | |
| International Standard Book Number | 9780930014360 |
| 020 ## - INTERNATIONAL STANDARD BOOK NUMBER | |
| International Standard Book Number | 0930014375 (pbk.) |
| 020 ## - INTERNATIONAL STANDARD BOOK NUMBER | |
| International Standard Book Number | 9780930014377 (pbk.) |
| 020 ## - INTERNATIONAL STANDARD BOOK NUMBER | |
| International Standard Book Number | 0930014499 (Guide) |
| 020 ## - INTERNATIONAL STANDARD BOOK NUMBER | |
| International Standard Book Number | 9780930014490 (Guide) |
| 035 ## - SYSTEM CONTROL NUMBER | |
| System control number | (OCoLC)6331122 |
| Canceled/invalid control number | (OCoLC)7890180 |
| -- | (OCoLC)7928304 |
| 040 ## - CATALOGING SOURCE | |
| Original cataloging agency | DLC |
| Language of cataloging | eng |
| Transcribing agency | DLC |
| Modifying agency | IHT |
| -- | BAKER |
| -- | BTCTA |
| -- | HNW |
| -- | BDX |
| -- | YDXCP |
| -- | OCLCO |
| -- | CFT |
| -- | OCLCF |
| 050 00 - LIBRARY OF CONGRESS CALL NUMBER | |
| Classification number | BV835 |
| Item number | .S95 |
| 082 00 - DEWEY DECIMAL CLASSIFICATION NUMBER | |
| Classification number | 248.8 |
| Edition number | 20 |
| Item number | S978S |
| 092 0# - LOCALLY ASSIGNED DEWEY CALL NUMBER (OCLC) | |
| Classification number | 248.844 |
| Item number | S9784t |
| 100 1# - MAIN ENTRY--PERSONAL NAME | |
| Personal name | Swindoll, Charles R. |
| 245 10 - TITLE STATEMENT | |
| Title | Strike the original match / |
| Statement of responsibility, etc. | Charles R. Swindoll. |
| 260 ## - PUBLICATION, DISTRIBUTION, ETC. | |
| Place of publication, distribution, etc. | Portland, Or. : |
| Name of publisher, distributor, etc. | Multnomah Press, |
| Date of publication, distribution, etc. | c1980. |
| 300 ## - PHYSICAL DESCRIPTION | |
| Extent | 196 p. ; |
| Dimensions | 23 cm. |
| 505 0# - FORMATTED CONTENTS NOTE | |
| Formatted contents note | Let's consult the architect -- Let's repair the foundation -- Bricks that build a marriage -- Watch out for cheap substitutes! -- Who says the honeymoon must end? -- Termites in your troth -- How to have a good fight -- 'Til debt do us part -- Divorce : when it all comes tumbling down -- Commitment is the key -- Don't just get older, get better! -- What to do with an empty nest. |
| 650 #0 - SUBJECT ADDED ENTRY--TOPICAL TERM | |
| Topical term or geographic name entry element | Marriage. |
| 942 ## - ADDED ENTRY ELEMENTS (KOHA) | |
| Source of classification or shelving scheme | Dewey Decimal Classification |
| Koha item type | Books |
| Withdrawn status | Lost status | Source of classification or shelving scheme | Damaged status | Not for loan | Collection code | Home library | Current library | Shelving location | Date acquired | Cost, normal purchase price | Total Checkouts | Full call number | Barcode | Date last seen | Price effective from | Koha item type |
|---|---|---|---|---|---|---|---|---|---|---|---|---|---|---|---|---|
| Dewey Decimal Classification | Non-fiction | Harvest Mission College | Harvest Mission College | General Stacks | 21.01.2019 | 950.00 | 248.8 S978S | 007778 | 21.01.2019 | 21.01.2019 | Books |
